000 00580nam a22001937a 4500
003 UA-OsUOA
001 38513
007 ta
008 20071222b un ||||| |||| 00| 0 ukr d
090 _a94(477).124.1
_bВ15
942 _cBR
040 _aUA-OsUOA
_bukr
_cUA-OsUOA
_dUA-OsUOA
245 _aВалентин Мороз у Пітсбургу. Фотоілюстрований репортаж Леоніда Полтави.
955 _a4
041 _aukr
080 _a94(477).124.1
650 7 _a9 Географія. Біографії. Історія
_2UDC
999 _c437025
_d437025